mysqli: Table './ulib62015/stat_globaluid' is marked as crashed and should be repaired
select id from stat_globaluid where statuid='20260517174045_4343'
mysqli: Table './ulib62015/stat_globaluid' is marked as crashed and should be repaired
DELETE FROM stat_globaluid
WHERE id NOT IN (
SELECT id
FROM (
SELECT id
FROM stat_globaluid
ORDER BY id DESC
LIMIT 100
) foo
);
mysqli: Table './ulib62015/stat_globaluid' is marked as crashed and should be repaired
insert into stat_globaluid set
statuid='20260517174045_4343',
dt='1779014445',
phpself='/ULIB62015/dublinfull.php',
agent='Mozilla/5.0 AppleWebKit/537.36 (KHTML, like Gecko; compatible; ClaudeBot/1.0; +claudebot@anthropic.com)',
yea='2026',
mon='5',
dat='17',
ip='216.73.216.45'
mysqli: Table './ulib62015/stathist_viewbib_bib_type' is marked as crashed and should be repaired
insert into stathist_viewbib_bib_type set
dat='17' ,
mon='05' ,
yea='2026' ,
statuid='20260517174045_4343' ,
head='22160' ,
foot='marc' ,
dt='1779014445'
| LEADER : 01174nam 2200277 a 4500 |
| 001 22160 |
| 003 ULIB |
| 008 030417s2537 caua sb 001 0 tha |
| 060 ^aQU145^bน614ภ 2537
|
| 100 ^aนิธิยา รัตนาปนนท์
|
| 245 ^aโภชนศาสตร์เบื้องต้น
|
| 913 ^aImported by ULIBM Administrator
|
| 945 ^p105^l0^i001555
|
| 945 ^p105^l0^i001554 |
| 949 ^aImport form external file by ULIBM system
|
| คุณยังไม่ได้ล็อกอิน คุณสามารถมีกิจกรรมร่วมกับเว็บไซต์ได้ แต่ต้องล็อกอินก่อน :: |
|
|
|
| ลำดับที่ |
ประเภท |
เลขเรียก/บาร์โค้ด |
สถานที่ |
สถานะ |
| - ไม่พบข้อมูล - |
รายการใกล้เคียง
ชื่อเรื่อง [โภชนศาสตร์เบื้องต้น]
|
|
ยังไม่เคยถูกคอมเมนท์
|
| คอมเมนท์ทรัพยากรรายการนี้ |
|